Obchod ČR sa orientuje na Západ

Trend znižovania vzájomného obchodu ČR a SR v rámci colnej únie. Aplikácia dovozných licencií vo vzťahu k ČR. Cesty na zvýšenie vzájomného obchodu. Porovnanie štruktúry exportu ČR a SR.

Enregistré dans:
Détails bibliographiques
Auteur principal: Dunajský, Vladimír
Format: Chapitre de livre
Langue:slovaque
Sujets:
Tags: Ajouter un tag
Pas de tags, Soyez le premier à ajouter un tag!

MARC

LEADER 00000naa a2200000 4500
001 r036698
005 20230824102309.7
041 0 |a slo 
044 |a SK 
245 1 0 |a Obchod ČR sa orientuje na Západ  |c Vladimír Dunajský 
520 |a Trend znižovania vzájomného obchodu ČR a SR v rámci colnej únie. Aplikácia dovozných licencií vo vzťahu k ČR. Cesty na zvýšenie vzájomného obchodu. Porovnanie štruktúry exportu ČR a SR. 
610 2 0 |a únie colné 
610 2 0 |a obchod zahraničný 
610 2 0 |a štruktúra dovozu 
610 2 0 |a štruktúra vývozu 
610 2 0 |a licencie 
610 2 0 |a Česko 
610 2 0 |a Slovensko 
100 1 |a Dunajský, Vladimír